| 000 | 01280nam a22002657a 4500 | ||
|---|---|---|---|
| 001 | 9311 | ||
| 003 | FISKH | ||
| 005 | 20251210092524.0 | ||
| 008 | 251210b cb ||||| |||| 00| 0 eng d | ||
| 020 | _a9780194793612 | ||
| 040 |
_aFISKH _beng _cFISKH _dFISKH |
||
| 050 | _aPE1126.A4 B37693 | ||
| 082 | _a428.6 | ||
| 100 | _aBassett , Jennifer | ||
| 245 |
_aSongs from the Seoul : _bstories from around the world / _cRetold By Jennifer Bassett |
||
| 260 |
_aOxford : _bOxford University Press , _c2011 . |
||
| 300 |
_a55 pages : _billustrations ; _c20 cm. |
||
| 490 | _aOxford bookworms library | ||
| 520 | _aGood luck in Malaysia, bad news in New Zealand, a chicken and a jug of cider in Britain, a goat and a pumpkin in India, fun and games in a cyber cafe in Nigeria ... The countries change, but people's lives are always strange and wonderful in any place.Bookworms World Stories collect stories written in English from around the world. These stories are by Shahana Chaudhury, Mary McCluskey, Nandita Ray, Suchitra Karthik Kumar, Susan Costello, Anthony C. Diala, Preeta Krishna, and Folakemi Emem-Akpan. | ||
| 650 |
_aAdventure _vNon-fiction |
||
| 650 |
_aDrama _vNon-fiction |
||
| 700 |
_aHedge, Tricia _eFounder Editor |
||
| 942 |
_2ddc _cBK _n0 |
||
| 999 |
_c9311 _d9311 |
||